IEM Katowice CS:GO/CS2 Finals - Statystyki

Ogólne statystyki
  • Ten quiz został rozwiązany 80 razy
    78 od ostatniego zresetowania
  • Średni wynik to 20 z 24
Statystyki odpowiedzi
Hint Odpowiedź Wynik % Poprawnych
IEM Season XIV World Championship / 2020 Na'Vi 3 - 0
95%
ESL Major Series One Katowice 2014 Virtus Pro 2 - 0
95%
Virtus Pro
95%
IEM Katowice 2025 Vitality 3 - 0
95%
IEM Season XVI World Championship / 2022 Faze Clan 3 - 0
93%
Faze Clan
93%
Faze Clan
93%
Faze Clan
93%
IEM Katowice 2023 G2 Esports 3 - 1
93%
G2 Esports
93%
G2 Esports
93%
IEM Katowice 2024 Spirit 3 - 0
93%
Spirit
93%
IEM Season XI World Championship / 2017 Astralis 3 - 1
91%
IEM Season XIII World Championship / 2019 Astralis 2 - 0
91%
ESL One: Katowice 2015 Fnatic 2 - 1
87%
IEM Season X World Championship / 2016 Fnatic 3 - 0
87%
IEM Season XII World Championship / 2018 Fnatic 3 - 2
87%
Ninjas in Pyjamas
85%
Ninjas in Pyjamas
85%
IEM Season XV World Championship / 2021 Gambit 3 - 1
58%
ENCE
49%
Heroic
44%
Luminosity Gaming
24%
Nie znaleziono quizów pasujących do podanych kryteriów
Rozkład punktacji
Procent ludzi z każdym wynikiem
Percentyl według liczby udzielonych odpowiedzi
Twoja historia wyników
Nie rozwiązałeś tego quizu od ostatniego zresetowania